Celebrity by Children's Names Quiz Stats

 Plays Quiz not verified by Sporcle

Also try: People's People
Challenge
Share
Tweet
Embed
Score 0/20 Timer 08:00
0 Plays Today
Children Celebrity % Correct
Maddox, Zahara, Shiloh, Pax, Knox, VivienneAngelina Jolie
91.4%
Isabella, Connor, SuriTom Cruise
91.2%
Rumer, Scout, TallulahBruce Willis and Demi Moore
86.9%
Apple, MosesGwyneth Paltrow and Chris Martin
85.4%
Lourdes, Rocco, DavidMadonna
84.5%
Brooklyn, Romeo, CruzDavid and Victoria Beckham
80.4%
Kingston, ZumaGwen Stefani and Gavin Rossdale
70.5%
Violet, SeraphinaBen Affleck and Jennifer Garner
69%
Sean, JaydenBritney Spears
69%
Hazel, Phinnaeus, HenryJulia Roberts
65.4%
Children Celebrity % Correct
Moon Unit, Dweezil, Ahmet, Diva MuffinFrank Zappa
54.2%
Heather, Mary, Stella, James, BeatricePaul McCartney
43.2%
Rafferty, Iris, Rudy, SophiaJude Law
24.7%
Homer, AtlasAnne Heche
12.7%
Madelaine, KydDavid Duchovny and Tea Leoni
12.3%
Charles, TennysonRussell Crowe
11.2%
Sam, Aquinnah, Schuyler, EsmeMichael J. Fox
11%
Benjamin, Willard, Malcolm, GeorgiaHarrison Ford
6%
Piper, Oscar, FelixGillian Anderson
5.6%
Mathilda, Adele, RomanMolly Ringwald
4.1%

You're not logged in!

Compare scores with friends on all Sporcle quizzes.
Join for Free
OR
Log In

You Might Also Like...

Show Comments

Extras

Top Quizzes Today


Score Distribution

Your Account Isn't Verified!

In order to create a playlist on Sporcle, you need to verify the email address you used during registration. Go to your Sporcle Settings to finish the process.

Report this User

Report this user for behavior that violates our Community Guidelines.

Details: